00490nam a22001577a 450000500170000001000150001702000260003203500140005803700090007208200110008110000170009224500460010926000440015527001140019930000190031320220322100426.0 aENG-132056 a9789387234659c100.00 aEN-115588 bDBAD a910.02 aRamesh, B.G. aAmazing Places of the World/cB.G. Ramesh aChennaibUnique Media Integratorsc2015 aNo. 8, 6th Cross, 8th Main Road, Vaishnavi Nagar, ThirumuullaivoyalbChennaie600109mumi.infobooks@gmail.com a94pc21cm(pbk)